Yleistieto #50 - Statistics

Yleistilastot
  • Tätä visaa on pelattu 692 kertaa
    631 viimeisimmän päivityksen jälkeen
  • Keskiarvotulos 7 / 15
Vastaustilastot
Vinkki Vastaus % Oikein
Minkä automerkin malleja on Corsa? Opelin
73%
Missä kaupungissa on Golden Gate-silta? San Franciscossa
68%
Mikä valtio on Osmaanien valtakunnan seuraaja? Turkki
65%
Minkä yhtyeen hitti on "Levoton Tuhkimo"? Dingon
63%
Minkä kaupungin lempinimi on 'Ikuinen Kaupunki'? Rooman
56%
Mikä on Tintin koiran nimi? Milou
50%
Mikä on Vesa-Matti Loirin ensimmäinen elokuva? Pojat
41%
Mikä on Ruotsin suurin järvi? Vänern
39%
Mikä on Andy McCoyn syntymänimi? Antti Hulkko
38%
Missä kaupungissa järjestettiin vuoden 2004 Olympialaiset? Ateenassa
36%
Kuka voitti parhaan miespääosa Oscarin elokuvasta Kummisetä? Marlon Brando
32%
Missä maassa on Mojaven aavikko? Yhdysvalloissa / yhdysvallat
31%
Mikä on nimeltään Kuubassa sijaitseva Yhdysvaltain tukikohta? Guantanamo
28%
Mikä on pohjoismaiden suurin ostoskeskus (vuokrattava kokonaisliikeala m2)? Itäkeskus
23%
Kuka oli Led Zeppelinin laulaja? Robert Plant
15%
Ehtoja vastaavia visoja ei löytynyt
Tulosjakauma
Jokaisen tuloksen saaneiden osuus
Persentiili vastausten määrän mukaan
Tuloshistoriasi
Et ole pelannut tätä visaa sen viimeisimmän päivityksen jälkeen